[Event "European Youth Chess Championship B14"]
[Site "Prague, Top Hotel Prague"]
[Date "2012.08.17"]
[Round "1.1"]
[White "Artemiev, Vladislav"]
[Black "O`Donnell, Conor"]
[Result "1-0"]
[WhiteElo "2476"]
[BlackElo "1955"]
[PlyCount "47"]
[EventDate "2012.08.17"]

1. e4 c6 2. Nc3 d5 3. Nf3 Bg4 4. h3 Bxf3 5. Qxf3 e6 6. d3 Nf6 7. Bd2 Nbd7 8. g4
Nb6 9. g5 Nfd7 10. d4 Be7 11. Qg3 c5 12. dxc5 Nxc5 13. Bb5+ Kf8 14. exd5 Nxd5
15. O-O-O Qb6 16. Bc4 Nxc3 17. Bxc3 Rc8 18. Qe5 f6 19. gxf6 Bxf6 20. Qf4 Ke7
21. Bxf6+ gxf6 22. Rhg1 e5 23. Rg7+ Ke8 24. Qg4 1-0

[Event "European Youth Chess Championship B14"]
[Site "Prague, Top Hotel Prague"]
[Date "2012.08.17"]
[Round "1.2"]
[White "Shahaliyev, Ismayil"]
[Black "Duda, Jan-Krzysztof"]
[Result "0-1"]
[WhiteElo "1954"]
[BlackElo "2411"]
[PlyCount "96"]
[EventDate "2012.08.17"]

1. e4 c5 2. Nf3 d6 3. d4 cxd4 4. Nxd4 Nf6 5. f3 e6 6. c4 Be7 7. Be3 O-O 8. Nc3
a6 9. Be2 Qc7 10. Rc1 b6 11. O-O Bb7 12. Qd2 Nbd7 13. Rfd1 Rac8 14. Bf1 Qb8 15.
Qf2 Bd8 16. Kh1 Bc7 17. h3 Rfe8 18. b4 Nh5 19. f4 Ndf6 20. Be2 Qa8 21. Qh4 g6
22. Bxh5 Nxh5 23. f5 Bd8 24. Qg4 Nf6 25. Qg3 Bxe4 26. fxe6 fxe6 27. Nxe4 Nxe4
28. Qe1 Rc7 29. Nf3 Rf7 30. Nd2 Nf6 31. Nf3 Nh5 32. Nh2 Qb8 33. Ng4 Rf1+ 34.
Qxf1 Ng3+ 35. Kg1 Nxf1 36. Rxf1 Rf8 37. Bh6 Rf5 38. Rfe1 Qc8 39. Be3 Kg7 40.
Nh6 Rh5 41. Ng4 Bg5 42. Red1 Bxe3+ 43. Nxe3 Re5 44. Ng4 Re4 45. Rxd6 h5 46. Nf2
Rxc4 47. Rxc4 Qxc4 48. Rd7+ Kf6 0-1

[Event "European Youth Chess Championship B14"]
[Site "Prague, Top Hotel Prague"]
[Date "2012.08.17"]
[Round "1.4"]
[White "Monteriano, Eran"]
[Black "Sanal, Vahap"]
[Result "0-1"]
[WhiteElo "1947"]
[BlackElo "2387"]
[PlyCount "66"]
[EventDate "2012.08.17"]

1. e4 e5 2. Nf3 Nc6 3. Bb5 a6 4. Ba4 Nf6 5. O-O Be7 6. Re1 b5 7. Bb3 O-O 8. c3
d6 9. h3 Na5 10. Bc2 d5 11. d4 dxe4 12. Nxe5 c5 13. Bg5 Bb7 14. Nd2 cxd4 15.
cxd4 Re8 16. Bxf6 Bxf6 17. Nxe4 Bxe5 18. dxe5 Rxe5 19. Ng3 Qf6 20. Rxe5 Qxe5
21. Qd3 g6 22. a4 b4 23. Rd1 Qxb2 24. Ne4 b3 25. Bb1 Qe5 26. f3 Rc8 27. Qd7 Rf8
28. Nd6 Qe3+ 29. Kh2 Bxf3 30. Rf1 Bc6 31. Qc7 Qe2 32. Rg1 Qe5+ 33. Kh1 Qg3 0-1

[Event "European Youth Chess Championship B14"]
[Site "Prague, Top Hotel Prague"]
[Date "2012.08.17"]
[Round "1.5"]
[White "Ali Marandi, Cemil Can"]
[Black "Spacek, Oliver"]
[Result "1-0"]
[WhiteElo "2362"]
[BlackElo "1945"]
[PlyCount "81"]
[EventDate "2012.08.17"]

1. e4 c5 2. Nf3 Nc6 3. c3 g6 4. d4 cxd4 5. cxd4 Bg7 6. Nc3 d6 7. Bc4 Nf6 8. h3
O-O 9. Qe2 a6 10. e5 Ne8 11. O-O Nc7 12. Rd1 d5 13. Bb3 Bf5 14. a3 b5 15. Bf4
Na5 16. Ba2 Nc4 17. Rac1 Rc8 18. Ne1 Ne6 19. Be3 Nc7 20. Bb1 Bxb1 21. Nxb1 f5
22. b3 Nb6 23. Nd3 Ne6 24. Nc5 Nxc5 25. dxc5 f4 26. Bd4 Nd7 27. c6 Nb8 28. Qg4
Rf5 29. c7 Rxc7 30. Bb6 Bxe5 31. Bxc7 Bxc7 32. Nc3 e6 33. Ne2 Be5 34. Qf3 Qb6
35. Rc8+ Kg7 36. Rdc1 g5 37. Qh5 Qb7 38. Nd4 Qe7 39. Nxf5+ exf5 40. Re8 Qf6 41.
Rcc8 1-0

[Event "European Youth Chess Championship B14"]
[Site "Prague, Top Hotel Prague"]
[Date "2012.08.17"]
[Round "1.6"]
[White "Tuerlinckx, Ben"]
[Black "Korpa, Bence"]
[Result "0-1"]
[WhiteElo "1938"]
[BlackElo "2317"]
[PlyCount "116"]
[EventDate "2012.08.17"]

1. e4 c6 2. d4 d5 3. exd5 cxd5 4. Bf4 Nc6 5. c3 Bf5 6. Nd2 e6 7. Qb3 Qc8 8.
Ngf3 Nf6 9. h3 h6 10. Ne5 a6 11. Be2 Be7 12. O-O O-O 13. a4 Nd7 14. Ndf3 Bd6
15. Nxc6 Qxc6 16. Bxd6 Qxd6 17. Qd1 Be4 18. Bd3 Qb6 19. Qe2 Bxd3 20. Qxd3 Rfc8
21. Rfb1 Qa5 22. Re1 b5 23. axb5 Qxb5 24. Qxb5 axb5 25. Kf1 Nb6 26. Nd2 Ra4 27.
Ke2 Rca8 28. Rxa4 Rxa4 29. b3 Ra2 30. Kd3 Nc8 31. f3 Nd6 32. g4 g6 33. Rc1 Kg7
34. h4 Kf6 35. Re1 Ke7 36. Rh1 Kf6 37. Re1 Ra3 38. Kc2 h5 39. Kb2 Ra8 40. Re5
Rh8 41. g5+ Ke7 42. Nf1 b4 43. Ne3 bxc3+ 44. Kxc3 Nb5+ 45. Kd3 Kd6 46. Nc2 Ra8
47. Re1 Ra2 48. Rb1 Kd7 49. b4 Kc6 50. Rb3 Rxc2 51. Kxc2 Nxd4+ 52. Kc3 Nxb3 53.
Kxb3 e5 54. Ka4 Kb6 55. b5 Kc5 56. Ka5 e4 57. b6 e3 58. b7 e2 0-1

[Event "European Youth Chess Championship B14"]
[Site "Prague, Top Hotel Prague"]
[Date "2012.08.17"]
[Round "1.7"]
[White "Vavulin, Maksim"]
[Black "Gerlagh, Joris"]
[Result "1-0"]
[WhiteElo "2292"]
[BlackElo "1930"]
[PlyCount "135"]
[EventDate "2012.08.17"]

1. e4 c5 2. Nf3 Nc6 3. d4 cxd4 4. Nxd4 Nf6 5. Nc3 e6 6. Ndb5 Bb4 7. a3 Bxc3+ 8.
Nxc3 d5 9. exd5 exd5 10. Bd3 O-O 11. O-O d4 12. Ne2 Bg4 13. Bg5 Re8 14. Re1 a6
15. Qd2 h6 16. Bh4 Bxe2 17. Rxe2 Rxe2 18. Qxe2 g5 19. Bg3 Qb6 20. Qf3 Qxb2 21.
Re1 Qc3 22. Rb1 Kg7 23. h4 Re8 24. hxg5 hxg5 25. Qf5 Re1+ 26. Rxe1 Qxe1+ 27.
Kh2 Ne7 28. Qxg5+ Ng6 29. Bxg6 fxg6 30. Qe5 Qxe5 31. Bxe5 Kf7 32. Bxd4 Ne4 33.
f3 Nd6 34. Kh3 Nb5 35. Bb2 Nd6 36. a4 b5 37. Ba3 Nc4 38. axb5 axb5 39. Bc5 Ke6
40. c3 Kd5 41. Bf8 Ne3 42. g4 Ke5 43. Kg3 Kf6 44. Bc5 Nd5 45. Bd4+ Ke6 46. Kh4
Kf7 47. Kg5 b4 48. c4 Nc7 49. Kf4 b3 50. Bb2 Ne6+ 51. Ke3 Nc5 52. Kd2 Na4 53.
Bd4 Ke6 54. f4 Kd6 55. Kd3 Ke6 56. Kd2 Kd6 57. Bg1 Nb2 58. c5+ Kd5 59. Kc3 Na4+
60. Kxb3 Nxc5+ 61. Bxc5 Kxc5 62. Kc3 Kd5 63. Kd3 Kd6 64. Kd4 Ke6 65. Kc5 Ke7
66. Kd5 Kd7 67. Ke5 Ke7 68. g5 1-0

[Event "European Youth Chess Championship B14"]
[Site "Prague, Top Hotel Prague"]
[Date "2012.08.17"]
[Round "1.8"]
[White "Zubkov, Vsevolod"]
[Black "Petrosyan, Manuel"]
[Result "0-1"]
[WhiteElo "1928"]
[BlackElo "2286"]
[PlyCount "106"]
[EventDate "2012.08.17"]

1. e4 c5 2. Nf3 e6 3. d4 cxd4 4. Nxd4 a6 5. Bd3 Qc7 6. O-O Nf6 7. c4 d6 8. Nc3
Be7 9. Qe2 Nbd7 10. f4 b6 11. Nf3 Bb7 12. Kh1 Rc8 13. Be3 Nc5 14. Nd2 Nxd3 15.
Qxd3 O-O 16. Na4 Nd7 17. Rad1 Qc6 18. Nc3 Nc5 19. Qe2 Bf6 20. Bg1 Na4 21. Nxa4
Qxa4 22. e5 dxe5 23. fxe5 Be7 24. Bxb6 Qxa2 25. b3 Qc2 26. Qe3 Qg6 27. Nf3 Bc6
28. Rf2 Qg4 29. Rd4 Qh5 30. Rd3 f6 31. exf6 Rxf6 32. Bd4 Rh6 33. Be5 Rf8 34.
Rdd2 Rf5 35. Bg3 Qg6 36. Kg1 Bxf3 37. Rxf3 Qf7 38. Rxf5 Qxf5 39. Bf2 Bg5 40.
Qd3 Bxd2 41. Qd8+ Kf7 42. Qxd2 Rf6 43. b4 Qe4 44. c5 Rf5 45. h3 Rd5 46. Qb2
Rd1+ 47. Kh2 Qf4+ 48. Bg3 Qd4 49. Be5 Qg1+ 50. Kg3 Rd3+ 51. Kh4 Qe1+ 52. Kg4
Qe4+ 53. Bf4 Qf5+ 0-1

[Event "European Youth Chess Championship B14"]
[Site "Prague, Top Hotel Prague"]
[Date "2012.08.17"]
[Round "1.9"]
[White "Paravyan, David"]
[Black "Rajkovic, Mladen"]
[Result "1-0"]
[WhiteElo "2271"]
[BlackElo "1926"]
[PlyCount "69"]
[EventDate "2012.08.17"]

1. d4 d5 2. c4 c6 3. Nf3 Nf6 4. e3 e6 5. Nbd2 Bd6 6. Bd3 Nbd7 7. O-O O-O 8. Re1
e5 9. cxd5 cxd5 10. dxe5 Nxe5 11. Nxe5 Bxe5 12. Nf3 Bc7 13. b3 Bg4 14. Ba3 Re8
15. h3 Bh5 16. g4 Bg6 17. Bb5 Re6 18. Nd4 Rb6 19. Bc5 Ne4 20. Bxb6 axb6 21. Bf1
Qh4 22. Qf3 Be5 23. Rac1 Rd8 24. Nf5 Qg5 25. Red1 h5 26. Bg2 hxg4 27. hxg4 Nf6
28. Ne7+ Kf8 29. Nxg6+ Qxg6 30. Qf5 Qxf5 31. gxf5 Ke7 32. a4 Ne4 33. Bxe4 dxe4
34. Rxd8 Kxd8 35. Rc4 1-0

[Event "European Youth Chess Championship B14"]
[Site "Prague, Top Hotel Prague"]
[Date "2012.08.17"]
[Round "1.10"]
[White "Voloshin, Pavel"]
[Black "Kozionov, Kirill"]
[Result "0-1"]
[WhiteElo "1922"]
[BlackElo "2257"]
[PlyCount "32"]
[EventDate "2012.08.17"]

1. e4 c5 2. c3 Qa5 3. a3 Nc6 4. Bc4 Nf6 5. Qe2 d6 6. Ba2 g6 7. b4 Qc7 8. Bb2
Bg7 9. d4 cxd4 10. cxd4 Nh5 11. Qd2 e5 12. Ne2 exd4 13. O-O Qb6 14. Kh1 O-O 15.
Rd1 d3 16. Bxg7 dxe2 0-1

[Event "European Youth Chess Championship B14"]
[Site "Prague, Top Hotel Prague"]
[Date "2012.08.17"]
[Round "1.11"]
[White "Minko, Vladimir"]
[Black "Molnar, Erno"]
[Result "1-0"]
[WhiteElo "2257"]
[BlackElo "1919"]
[PlyCount "77"]
[EventDate "2012.08.17"]

1. d4 d5 2. c4 e6 3. Nc3 Nf6 4. cxd5 exd5 5. Bg5 Be7 6. e3 c6 7. Qc2 O-O 8. Bd3
Nbd7 9. Nge2 Re8 10. f3 Nf8 11. Bh4 Be6 12. O-O N6d7 13. Bf2 Rc8 14. f4 Nf6 15.
h3 Bd6 16. Kh1 Rc7 17. Ng1 Bc8 18. Nf3 Rce7 19. Bh4 Rxe3 20. Ne5 Bxh3 21. Qd2
Rxd3 22. Qxd3 Be6 23. f5 Bc8 24. Rae1 N8d7 25. Nxd7 Bxd7 26. Rxe8+ Bxe8 27. Bg3
Bb4 28. Be5 Ng4 29. f6 Bxc3 30. bxc3 g6 31. Rf4 Bd7 32. Kg1 Be6 33. Qg3 h5 34.
Rf1 Qa5 35. Bf4 Kh7 36. Bc1 Qd8 37. Ba3 Nxf6 38. Qh4 Kg7 39. Rxf6 1-0

[Event "European Youth Chess Championship B14"]
[Site "Prague, Top Hotel Prague"]
[Date "2012.08.17"]
[Round "1.12"]
[White "Nikolovski, Nikola"]
[Black "Van Foreest, Jorden"]
[Result "1-0"]
[WhiteElo "1917"]
[BlackElo "2225"]
[PlyCount "97"]
[EventDate "2012.08.17"]

1. e4 c5 2. Nc3 e6 3. f4 d5 4. Nf3 dxe4 5. Bb5+ Bd7 6. Bxd7+ Nxd7 7. Nxe4 Ngf6
8. d3 Be7 9. O-O O-O 10. Qe2 Qc7 11. Bd2 Rac8 12. Ne5 Nxe5 13. fxe5 Nd7 14. Bf4
Nxe5 15. Nc3 Bf6 16. Rae1 Qb6 17. Bxe5 c4+ 18. Qe3 Bxe5 19. Qxb6 Bxh2+ 20. Kxh2
axb6 21. dxc4 Rxc4 22. Re4 Rxe4 23. Nxe4 Rd8 24. Rf2 f5 25. Rd2 Re8 26. Nd6 Re7
27. Nc8 Re8 28. Nxb6 e5 29. a4 e4 30. Nd5 Kf7 31. c4 g5 32. Re2 Kg6 33. b4 f4
34. a5 e3 35. b5 Re4 36. b6 Re8 37. c5 Kf5 38. c6 bxc6 39. Nc7 Rd8 40. b7 Ke4
41. a6 f3 42. gxf3+ Kxf3 43. a7 Rd2 44. b8=Q Rxe2+ 45. Kh3 g4+ 46. Kh4 Rh2+ 47.
Kg5 e2 48. Qe8 Kf2 49. a8=Q 1-0

[Event "European Youth Chess Championship B14"]
[Site "Prague, Top Hotel Prague"]
[Date "2012.08.17"]
[Round "1.13"]
[White "Khanin, Semen"]
[Black "Miculka, David"]
[Result "1-0"]
[WhiteElo "2220"]
[BlackElo "1915"]
[PlyCount "71"]
[EventDate "2012.08.17"]

1. e4 c5 2. Nf3 Nc6 3. d4 cxd4 4. Nxd4 Nf6 5. Nc3 e5 6. Ndb5 d6 7. Bg5 a6 8.
Na3 b5 9. Bxf6 gxf6 10. Nd5 Bg7 11. c3 O-O 12. Nc2 f5 13. exf5 Bxf5 14. Nce3
Be6 15. Bd3 f5 16. O-O Ne7 17. Nxe7+ Qxe7 18. Nxf5 Bxf5 19. Bxf5 Qf6 20. Be4
Rad8 21. Qd3 Qh6 22. a4 Rb8 23. axb5 axb5 24. Ra6 Rfd8 25. Rd1 b4 26. Qc4+ Kh8
27. cxb4 Rbc8 28. Rc6 Rxc6 29. Qxc6 Qf4 30. g3 Qg4 31. Rxd6 Rc8 32. Qd5 Qg5 33.
b5 Qe7 34. b6 Rb8 35. b7 Qc7 36. Qc6 1-0

[Event "European Youth Chess Championship B14"]
[Site "Prague, Top Hotel Prague"]
[Date "2012.08.17"]
[Round "1.14"]
[White "Kravec, Patrik"]
[Black "Gajek, Radoslaw"]
[Result "0-1"]
[WhiteElo "1910"]
[BlackElo "2200"]
[PlyCount "70"]
[EventDate "2012.08.17"]

1. e4 c5 2. Nf3 d6 3. d4 cxd4 4. Nxd4 Nf6 5. Nc3 a6 6. Be3 e6 7. f3 Nbd7 8. Qd2
b5 9. O-O-O Bb7 10. Kb1 b4 11. Nce2 d5 12. exd5 Nxd5 13. Nb3 a5 14. Nf4 Be7 15.
Bc4 Nxf4 16. Bxf4 a4 17. Bb5 Bd5 18. Nd4 O-O 19. Nc6 Bxc6 20. Bxc6 Nf6 21. Bxa8
Qxa8 22. Bd6 Bxd6 23. Qxd6 a3 24. Rd3 Nd5 25. Rb3 axb2 26. Kxb2 Qa7 27. Qe5 Rc8
28. Re1 h6 29. a3 Qc5 30. Re2 bxa3+ 31. Rxa3 Qc6 32. Rb3 Nb6 33. Kb1 Nc4 34.
Qb5 Na3+ 35. Kb2 Nxb5 0-1

[Event "European Youth Chess Championship B14"]
[Site "Prague, Top Hotel Prague"]
[Date "2012.08.17"]
[Round "1.15"]
[White "Stremavicius, Titas"]
[Black "Aleksanyan, Gor"]
[Result "0-1"]
[WhiteElo "2195"]
[BlackElo "1907"]
[PlyCount "80"]
[EventDate "2012.08.17"]

1. d4 Nf6 2. c4 g6 3. Nc3 Bg7 4. e4 d6 5. f3 O-O 6. Be3 e5 7. d5 c6 8. Nge2 Qe7
9. Qd2 cxd5 10. cxd5 a6 11. a4 Nbd7 12. a5 Nh5 13. g4 Nf4 14. Nxf4 exf4 15.
Bxf4 Ne5 16. Be2 Bd7 17. O-O f5 18. exf5 gxf5 19. h3 Rae8 20. Rae1 Qf6 21. Bg3
Qg6 22. Bd3 h5 23. Bb1 Nc4 24. Qf2 Bh6 25. Nd1 Nd2 26. Bd3 Nxf1 27. Kxf1 hxg4
28. hxg4 Rxe1+ 29. Qxe1 Qf7 30. gxf5 Qxd5 31. Qe4 Qxd3+ 32. Qxd3 Bb5 33. Qxb5
axb5 34. Bxd6 Rd8 35. Nc3 Rxd6 36. Ne4 Ra6 37. Ke2 Rxa5 38. Kd3 b4 39. f6 Rf5
40. Kd4 Bf8 0-1

[Event "European Youth Chess Championship B14"]
[Site "Prague, Top Hotel Prague"]
[Date "2012.08.17"]
[Round "1.16"]
[White "Tomczak, Mikolaj"]
[Black "Huber, Martin Christian"]
[Result "1-0"]
[WhiteElo "1901"]
[BlackElo "2185"]
[PlyCount "59"]
[EventDate "2012.08.17"]

1. e4 e5 2. Nf3 Nc6 3. Bb5 a6 4. Ba4 Nf6 5. O-O Be7 6. Re1 b5 7. Bb3 d6 8. c3
O-O 9. h3 Na5 10. Bc2 c5 11. d4 Qc7 12. Nbd2 cxd4 13. cxd4 Rd8 14. Nf1 exd4 15.
Nxd4 d5 16. Qf3 Bb7 17. e5 Ne4 18. Bf4 Qb6 19. Nf5 Bb4 20. Re2 Nc4 21. N1g3
Nxf2 22. Rxf2 h5 23. Raf1 Bc5 24. b3 Na3 25. Bd3 Bxf2+ 26. Rxf2 d4 27. Qxh5 Qg6
28. Qh4 Rd7 29. Rd2 Qc6 30. Ne7+ 1-0

[Event "European Youth Chess Championship B14"]
[Site "Prague, Top Hotel Prague"]
[Date "2012.08.17"]
[Round "1.17"]
[White "Msellek, Ilyass"]
[Black "Aleksanyan, Hrant"]
[Result "0-1"]
[WhiteElo "2173"]
[BlackElo "1898"]
[PlyCount "84"]
[EventDate "2012.08.17"]

1. d4 d5 2. Nf3 Nf6 3. e3 e6 4. Bd3 Bd6 5. b3 b6 6. Bb2 Bb7 7. O-O O-O 8. Ne5
Nbd7 9. f4 Ne4 10. Nd2 f6 11. Nxd7 Qxd7 12. Nxe4 dxe4 13. Bc4 b5 14. Be2 b4 15.
c4 bxc3 16. Bxc3 Bd5 17. Bc4 f5 18. Qe2 Kh8 19. Kh1 Qe7 20. Rfc1 g5 21. g3 Rg8
22. Rf1 gxf4 23. exf4 h6 24. Qh5 Qf6 25. Rac1 a5 26. a4 Kh7 27. Qe2 Rgb8 28.
Kg1 Ra7 29. Rc2 Qg7 30. Qd2 Bb4 31. Rfc1 Bxc4 32. bxc4 Bxc3 33. Qxc3 Rb4 34. d5
Qxc3 35. Rxc3 Kg7 36. Kf2 Kf6 37. Ke3 Rxa4 38. Kd4 exd5 39. Kxd5 Ra6 40. c5 Re6
41. c6 Rb4 42. Ra1 Rb6 0-1

[Event "European Youth Chess Championship B14"]
[Site "Prague, Top Hotel Prague"]
[Date "2012.08.17"]
[Round "1.18"]
[White "Sirosh, Ilja"]
[Black "Sadikhov, Ulvi"]
[Result "1-0"]
[WhiteElo "1889"]
[BlackElo "2171"]
[PlyCount "57"]
[EventDate "2012.08.17"]

1. Nf3 Nf6 2. c4 g6 3. Nc3 Bg7 4. e4 O-O 5. d4 d6 6. Be2 Nbd7 7. Be3 e5 8. O-O
Qe7 9. Qc2 Re8 10. d5 Ng4 11. Bg5 f6 12. Bd2 Bh6 13. h3 Bxd2 14. Qxd2 Nf8 15.
hxg4 Bxg4 16. Nh2 Bd7 17. f4 Kg7 18. fxe5 dxe5 19. d6 Qxd6 20. Qxd6 cxd6 21.
Nd5 Rac8 22. Nxf6 Re7 23. Nxd7 Nxd7 24. b4 Nb6 25. Rac1 Rec7 26. Bg4 Re8 27. c5
dxc5 28. Rxc5 Rxc5 29. bxc5 1-0

[Event "European Youth Chess Championship B14"]
[Site "Prague, Top Hotel Prague"]
[Date "2012.08.17"]
[Round "1.19"]
[White "Savenkov, Konstantin"]
[Black "Utnasanov, Adyan"]
[Result "0-1"]
[WhiteElo "2162"]
[BlackElo "1882"]
[PlyCount "76"]
[EventDate "2012.08.17"]

1. e4 e6 2. d3 d5 3. Nd2 Bd6 4. g3 c6 5. Ngf3 Ne7 6. Bg2 O-O 7. O-O f5 8. Re1
Ng6 9. exd5 exd5 10. Nf1 f4 11. d4 Bg4 12. h3 Bxf3 13. Bxf3 fxg3 14. fxg3 Qc7
15. Qd3 Bxg3 16. Bxd5+ cxd5 17. Nxg3 Nc6 18. c3 Nh4 19. Rf1 Qd7 20. Bg5 Qxh3
21. Bxh4 Qxh4 22. Kg2 Qg4 23. Rxf8+ Rxf8 24. Rh1 h6 25. Rh5 Ne7 26. Qe2 Qd7 27.
Qd3 Qd6 28. Qe3 Ng6 29. Ne2 Qf6 30. Kg3 Ne7 31. Qf4 Qg6+ 32. Qg4 Qd3+ 33. Kg2
Nf5 34. Nf4 Qe4+ 35. Kh2 g5 36. Rxg5+ hxg5 37. Qxg5+ Ng7 38. Nxd5 Rf2+ 0-1

[Event "European Youth Chess Championship B14"]
[Site "Prague, Top Hotel Prague"]
[Date "2012.08.17"]
[Round "1.20"]
[White "Chistiakov, Mihail"]
[Black "Shtembuliak, Evgeny"]
[Result "0-1"]
[WhiteElo "1879"]
[BlackElo "2153"]
[PlyCount "98"]
[EventDate "2012.08.17"]

1. e4 e6 2. d3 c5 3. g3 Nc6 4. Bg2 g6 5. Ne2 Bg7 6. O-O Nge7 7. Nbc3 O-O 8. Be3
Nd4 9. f4 d6 10. g4 f5 11. g5 e5 12. Bxd4 cxd4 13. Nd5 Nxd5 14. exd5 h6 15. h4
hxg5 16. fxg5 Bd7 17. c3 dxc3 18. bxc3 Kf7 19. Rb1 b6 20. Qb3 Rh8 21. Qb4 Qc7
22. Ng3 Rac8 23. h5 Qc5+ 24. Qxc5 Rxc5 25. Ne4 Rxh5 26. Nxc5 dxc5 27. c4 Rxg5
28. Rb3 f4 29. Rf2 Rg3 30. Ra3 a5 31. Rb3 g5 32. Rxb6 g4 33. Rb7 Ke8 34. d6 f3
35. Rb8+ Kf7 36. Kh2 Rxg2+ 37. Rxg2 fxg2 38. Kxg2 Ke6 39. Rb6 e4 40. dxe4 Be5
41. Rb1 Kxd6 42. Rf1 Be6 43. Rc1 Bd4 44. Kg3 Ke5 45. Re1 Bxc4 46. Kxg4 Bxa2 47.
Kf3 Be6 48. Rh1 a4 49. Rh5+ Kd6 0-1

[Event "European Youth Chess Championship B14"]
[Site "Prague, Top Hotel Prague"]
[Date "2012.08.17"]
[Round "1.21"]
[White "Blahynka, Martin"]
[Black "Guerra Arrocha, Daniel"]
[Result "1-0"]
[WhiteElo "2145"]
[BlackElo "1872"]
[PlyCount "91"]
[EventDate "2012.08.17"]

1. e4 e6 2. d4 d5 3. Nc3 Nf6 4. e5 Nfd7 5. f4 c5 6. Nf3 Nc6 7. Be3 cxd4 8. Nxd4
Bb4 9. Bb5 Bxc3+ 10. bxc3 Qa5 11. Rb1 Qxc3+ 12. Qd2 Qxd2+ 13. Kxd2 Nxd4 14.
Bxd4 a6 15. Bxd7+ Kxd7 16. Rb6 Rd8 17. Bc5 Ke8 18. Rf1 Rd7 19. Bd6 f6 20. f5
exf5 21. e6 Rxd6 22. Rxd6 Ke7 23. Rb6 Ra7 24. Kd3 g6 25. Kd4 a5 26. Kxd5 a4 27.
c4 a3 28. Rfb1 f4 29. R1b5 Ra6 30. Rxa6 bxa6 31. Rb6 g5 32. Rb3 g4 33. Rxa3 f3
34. gxf3 gxf3 35. Kd4 Bb7 36. Rb3 Bc6 37. Rb2 Kxe6 38. Kc5 Be4 39. Kd4 Kf5 40.
Ke3 Ke5 41. Rb6 f5 42. Rxa6 f4+ 43. Kf2 Kd4 44. Rf6 Kxc4 45. Rxf4 Kd5 46. Rxe4
1-0

[Event "European Youth Chess Championship B14"]
[Site "Prague, Top Hotel Prague"]
[Date "2012.08.17"]
[Round "1.22"]
[White "Lappalainen, Matias"]
[Black "Dolana, Andrei-Theodor"]
[Result "1/2-1/2"]
[WhiteElo "1870"]
[BlackElo "2136"]
[PlyCount "132"]
[EventDate "2012.08.17"]

1. e4 e5 2. Nf3 Nc6 3. d4 exd4 4. Nxd4 Nf6 5. Nxc6 bxc6 6. Bd3 d6 7. O-O Be7 8.
Nc3 O-O 9. f4 d5 10. e5 Bc5+ 11. Kh1 Ng4 12. Qe1 f6 13. h3 Nh6 14. f5 fxe5 15.
Bxh6 gxh6 16. Qxe5 Bd6 17. Qe3 Qf6 18. Ne2 Bd7 19. Nd4 Rae8 20. Ne6 Bxe6 21.
fxe6 Rxe6 22. Rxf6 Rxe3 23. Rxf8+ Bxf8 24. Rf1 Bd6 25. Rf3 Re1+ 26. Rf1 Re3 27.
Rf3 Re7 28. b3 Kg7 29. Rf5 Re1+ 30. Rf1 Re6 31. Rf5 Re1+ 32. Rf1 Rxf1+ 33. Bxf1
h5 34. Ba6 c5 35. Bb7 d4 36. g4 h4 37. Be4 h6 38. Kg2 Kf6 39. Kf3 Ke5 40. Bd3
Be7 41. Bc4 Bg5 42. Bd3 Be7 43. Bb5 Kd5 44. Bc4+ Kc6 45. Ke4 Bd6 46. a4 Kb6 47.
Be6 Ka5 48. Kd3 Kb4 49. Bd5 Bg3 50. Be6 Be1 51. Bd5 Ka3 52. Bc4 Bb4 53. Bd5 Kb2
54. Bc4 Kc1 55. Be6 Kd1 56. g5 hxg5 57. Bg4+ Kc1 58. Be6 Kb2 59. Bf5 a5 60. Be6
Kc1 61. Bg4 Kb1 62. Bf5 Kb2 63. Be6 Kc1 64. Bg4 c4+ 65. Kxd4 c3 66. Kd3 Kb2
1/2-1/2

[Event "European Youth Chess Championship B14"]
[Site "Prague, Top Hotel Prague"]
[Date "2012.08.17"]
[Round "1.23"]
[White "Popov, Andrey"]
[Black "Lopatik, Nikita"]
[Result "1-0"]
[WhiteElo "2130"]
[BlackElo "1869"]
[PlyCount "63"]
[EventDate "2012.08.17"]

1. e4 c5 2. Nf3 Nc6 3. d4 cxd4 4. Nxd4 Nf6 5. Nc3 d6 6. Bc4 Qb6 7. Nb3 e6 8.
Qe2 Be7 9. Be3 Qc7 10. O-O-O a6 11. Nd4 O-O 12. Rhg1 b5 13. Bb3 Na5 14. f3 b4
15. Na4 Bd7 16. Kb1 Rfb8 17. Qf2 Nxb3 18. cxb3 Qa5 19. g4 Bxa4 20. bxa4 Qxa4
21. g5 Ne8 22. h4 Nc7 23. h5 Nb5 24. Nxb5 Qxb5 25. g6 b3 26. a3 Bf6 27. gxf7+
Kxf7 28. Bd4 Qc6 29. Rc1 Qb5 30. Rc7+ Kf8 31. Bxf6 gxf6 32. Qg3 1-0

[Event "European Youth Chess Championship B14"]
[Site "Prague, Top Hotel Prague"]
[Date "2012.08.17"]
[Round "1.24"]
[White "Balaji, Ananthanarayanan"]
[Black "Tarasov, Alexandr"]
[Result "0-1"]
[WhiteElo "1859"]
[BlackElo "2124"]
[PlyCount "104"]
[EventDate "2012.08.17"]

1. e4 c6 2. d4 d5 3. exd5 cxd5 4. Bd3 Nc6 5. c3 Qc7 6. Nf3 Bg4 7. Nbd2 e6 8.
Nf1 Bd6 9. Ng3 Nf6 10. h3 Bxg3 11. hxg4 Nxg4 12. fxg3 Qxg3+ 13. Kd2 Nf2 14. Qf1
Nxh1 15. Qxh1 Rc8 16. Ke2 h6 17. Be3 O-O 18. Qh5 Rfe8 19. Bf2 Qc7 20. Bb5 f6
21. Kf1 Qf7 22. Qxf7+ Kxf7 23. Rd1 g5 24. g4 Rh8 25. Kg2 h5 26. gxh5 Rxh5 27.
Be2 Rch8 28. Ne5+ fxe5 29. Bxh5+ Rxh5 30. dxe5 Nxe5 31. Bxa7 Rh4 32. Bb8 Nc4
33. Rf1+ Ke7 34. Rf2 Rh7 35. Bg3 Ne3+ 36. Kf3 Nf5 37. Be5 Rh3+ 38. Kg4 Re3 39.
Bh2 Kf6 40. Bc7 Kg6 41. Rh2 Nh6+ 42. Rxh6+ Kxh6 43. Bd8 Re4+ 44. Kf3 g4+ 45.
Kf2 Kg6 46. Be7 Kf5 47. Bc5 Kf4 48. Ba3 g3+ 49. Kf1 Kf3 50. Bb4 g2+ 51. Kg1
Re1+ 52. Kh2 Rh1# 0-1

[Event "European Youth Chess Championship B14"]
[Site "Prague, Top Hotel Prague"]
[Date "2012.08.17"]
[Round "1.25"]
[White "Kudelya, Igor"]
[Black "Jablonicky, Martin"]
[Result "1-0"]
[WhiteElo "2120"]
[BlackElo "1858"]
[PlyCount "61"]
[EventDate "2012.08.17"]

1. e4 e5 2. Nf3 Nf6 3. Nxe5 d6 4. Nf3 Nxe4 5. Nc3 Nxc3 6. dxc3 Be7 7. Be3 Be6
8. Qd2 Nc6 9. O-O-O Qd7 10. h4 h6 11. Kb1 O-O-O 12. Nd4 a6 13. Nxe6 Qxe6 14.
Be2 Ne5 15. Qd4 c5 16. Qd5 Qxd5 17. Rxd5 g5 18. f4 gxf4 19. Bxf4 Rhg8 20. g3
Ng4 21. Rf5 Nf2 22. Re1 Nh3 23. Bd1 Rd7 24. Bxh6 Rxg3 25. Rf3 Rxf3 26. Bxf3 Nf2
27. h5 Bh4 28. Bg7 f5 29. h6 Ne4 30. Bxe4 fxe4 31. Rh1 1-0

[Event "European Youth Chess Championship B14"]
[Site "Prague, Top Hotel Prague"]
[Date "2012.08.17"]
[Round "1.26"]
[White "Gavrilov, Mikhail"]
[Black "Grigorian, Spartak"]
[Result "0-1"]
[WhiteElo "1857"]
[BlackElo "2118"]
[PlyCount "94"]
[EventDate "2012.08.17"]

1. e4 c5 2. d3 Nc6 3. g3 g6 4. Bg2 Bg7 5. f4 d6 6. Nf3 e5 7. c3 Nge7 8. O-O O-O
9. Na3 exf4 10. Bxf4 d5 11. Nb5 h6 12. exd5 Nxd5 13. Qd2 a6 14. Na3 Nxf4 15.
Qxf4 Qxd3 16. Rad1 Qf5 17. Qc7 Qe6 18. Nh4 Qe3+ 19. Kh1 Qe7 20. Qb6 Be6 21.
Rde1 Rab8 22. Nc2 Be5 23. Bxc6 Bc7 24. Qb3 bxc6 25. Qa3 Qg5 26. Ne3 Rfd8 27.
Nf3 Qh5 28. Kg1 c4 29. Rf2 Bb6 30. Qe7 Re8 31. Qf6 Bd5 32. Nd4 Re4 33. Rfe2
Rbe8 34. Qf2 Qe5 35. Ndc2 f5 36. Nd4 Bxd4 37. cxd4 Qxd4 38. Nxd5 Qxf2+ 39. Kxf2
Rxe2+ 40. Rxe2 Rxe2+ 41. Kxe2 cxd5 42. Ke3 Kf7 43. Kd4 Ke6 44. h4 g5 45. h5 Kd6
46. b3 cxb3 47. axb3 a5 0-1